书目信息 |
| 题名: |
遥感技术及地质应用研究
|
|
| 作者: | 庄培仁 编 | |
| 分册: | ||
| 出版信息: | 北京 地质出版社 1986 |
|
| 页数: | ||
| 开本: | 28cm | |
| 丛书名: | ||
| 单 册: | ||
| 中图分类: | P23 | |
| 科图分类: | ||
| 主题词: | 摄影测量法 | |
| 电子资源: | ||
| ISBN: | ||
| 000 | 00520nam0 2200181 450 | |
| 001 | 0736196517 | |
| 005 | 20070924100316.51 | |
| 010 | @d¥2.75 | |
| 100 | @a20070924d km y0chiy0120 ea | |
| 101 | 0 | @achi |
| 200 | 1 | @a遥感技术及地质应用研究@Ayao gan ji shu ji di zhi ying yong yan jiu@f庄培仁等编@Fzhuang pei ren deng bian |
| 210 | @a北京@c地质出版社@d1986 | |
| 215 | @d28cm | |
| 606 | 0 | @a摄影测量法 |
| 690 | @aP23@v3 | |
| 701 | 0 | @a庄培仁@Azhuang pei ren@4编 |
| 801 | 0 | @aCN@bPFT@c20070924 |
| 905 | @a213230@dP23@eZY31@f1 | |
| 遥感技术及地质应用研究/庄培仁等编.-北京:地质出版社,1986 |
| 28cm |
| ISBN :¥2.75 |
| ● |
| 相关链接 |
|
|
|
|
正题名:遥感技术及地质应用研究
索取号:P23/ZY31
 
预约/预借
| 序号 | 登录号 | 条形码 | 馆藏地/架位号 | 状态 | 备注 |
| 1 | 7901188 | 279011882 | 密集书库-资源管理系/ [索取号:P23/ZY31] | 在馆 |